000 01232cam a2200301 4500
001 ABS68560
008 041214n2004 000 0 eng u
035 _a(Sirsi) u128302
100 _aLowe, D.
245 _aIt's fair play for property consumers
260 _c2004
490 _aEstates Gazette
_v(0450) 11 December 2004, 74-76(3)
520 _aProvides an overview of the Unfair Terms in Consumer Contracts Regulations 1999. Identifies a range of contractual clauses which have been challenged by the Office of Fair Trading (OFT) as being unfair or unenforceable under the 1999 regulations. With reference to case law and OFT investigations looks at how unfair terms have been applied to estate agency and auctions terms, rent review and tenancy agreements.
590 _aABS
590 _aABS
650 _aUNFAIR TERMS IN CONSUMER CONTRACTS REGULATIONS 1999
650 _aOFT
650 _aESTATE AGENCY
650 _aAUCTION TERMS
650 _aTENANCY AGREEMENTS
650 _aBAIRSTOW EVES LONDON CENTRAL LTD V SMITH
650 _aR V NEWHAM LBC EX P KHATUN
650 _aSTARMARK ENTERPRISES V CPL DISTRIBUTION
650 _aUNFAIR TERMS
690 _aLAW
700 _aChase, V.
942 _n0
999 _c118445
_d118445